000 00742cam a2200241 4500
001 M88266
008 090401t1997 xxu||||| |||| 00| 0 eng d
035 _a(Sirsi) u82649
041 _aeng
050 _a333.0062
110 _aRoyal Institution of Chartered Surveyors
_94900
245 4 _aThe need for change : an explanation of the proposals to be voted on at the Extraordinary General Meeting on November 27th 1997.
260 _aLondon
_bRICS
_c1997
300 _a(4)p. ; 30cm.
350 _a0
650 _aABOUT RICS-RICS MEMBERS
650 _aEGM
650 _aRICS RULES OF CONDUCT
650 _aTECHNICAL SURVEYORS
690 _aMANAGEMENT-BUSINESS MANAGEMENT-PROFESSIONAL PRACTICE
942 _n0
948 _c12/12/1997
999 _c96808
_d96808